Ranking Formula 1 2012 - Statistics

General Stats
  • This quiz has been taken 103 times
  • The average score is 19 of 25
Answer Stats
Rank Driver Team Points Country % Correct
2 Fernando Alonso Ferrari 278 Spain
99%
3 Kimi Raikkonen Lotus 207 Finland
99%
1 Sebastian Vettel Red Bull 281 Germany
99%
4 Lewis Hamilton McLaren 190 UK
97%
7 Felipe Massa Ferrari 122 Brazil
95%
6 Mark Webber Red Bull 179 Australia
95%
13 Michael Schumacher Mercedes 49 Germany
95%
5 Jenson Button McLaren 188 UK
93%
9 Nico Rosberg Mercedes 93 Germany
93%
10 Sergio Perez Sauber 66 Mexico
92%
18 Daniel Ricciardo Toro Rosso 10 Australia
89%
8 Romain Grosjean Lotus 96 France
89%
11 Nico Hulkenberg Force India 63 Germany
83%
15 Pastor Maldonado Williams 45 Venezuela
83%
12 Kamui Kobayashi Sauber 60 Japan
75%
19 Vitalij Petrov Caterham 0 Russia
65%
16 Bruno Senna Williams 31 Brazil
59%
22 Heikki Kovalainen Caterham 0 Finland
57%
17 Jean-Éric Vergne Toro Rosso 16 France
56%
14 Paul Di Resta Force India 46 UK
52%
20 Timo Glock Maurssia 0 Germany
43%
24 Narain Karthikeyan Hispania 0 India
40%
25 Pedro de la Rosa Hispania 0 Spain
40%
21 Charles Pic Marussia 0 France
37%
23 Jerome d'Ambrosio Lotus 0 Belgium
29%
No matching quizzes found
Score Distribution
Percent of People with Each Score
Percentile by Number Answered
Your Score History
You have not taken this quiz